| 000 | 00500nam a2200169 i 4500 | ||
|---|---|---|---|
| 001 | 64679 | ||
| 003 | ES-MaACL | ||
| 005 | 20230906165203.0 | ||
| 007 | t| | ||
| 008 | 040102q1950 sp ||||1| spa d | ||
| 245 | 0 | 0 | _aFormation professionel du personnel enseignant primaire. |
| 250 | _a12éme ed. | ||
| 260 |
_aParís : _bUnesco, _c[1950?] |
||
| 300 |
_a275 p. ; _c24 cm. |
||
| 500 | _aPrecede al tit.: Bureau Intenational d'Education, publication nº 116. | ||
| 852 |
_aES-MaACL _jD-7278 _bR.30046 |
||
| 999 |
_c64679 _d64679 |
||